| 000 | 00976nam a22002771 4500 | ||
|---|---|---|---|
| 001 | 25358 | ||
| 003 | BD-RjUL | ||
| 005 | 20211209050852.0 | ||
| 008 | 140318s1958 ii b b 001 0 eng d | ||
| 035 | _a(BD-RjUL) 25428 | ||
| 035 | _a(OCoLC)936317 | ||
| 040 |
_aDLC _cOTU _dOCoLC _dDLC _dBD-RjUL _beng |
||
| 041 | _aeng | ||
| 082 | 0 | 0 |
_a954 _bALC Pt - 1958 |
| 100 | 1 |
_aAllan, John, _d1884-1955. _977972 |
|
| 245 | 1 | 4 |
_aThe Cambridge shorter history of India / _cby J. Allan, Sir T. Wolseley Haig [and] H.H. Dodwell. Edited by H.H. Dodwell. With additional chapters on The last phase, 1919-1947 by R.R. Sethi. _nPart II |
| 260 |
_aDelhi : _bS. Chand, _c1958. |
||
| 300 |
_axv, 373p. : _c23cm. |
||
| 504 | _aIncludes Index | ||
| 651 | 0 |
_aIndia _xHistory. _977973 |
|
| 700 | 1 |
_aHaig, Wolseley, _cSir, _d1865-1938, _ejoint author. _950219 |
|
| 700 | 1 |
_aDodwell, Henry, _d1879-1946, _ejoint author. _950221 |
|
| 942 |
_2ddc _cBK |
||
| 999 |
_c25358 _d25358 |
||